00997nam a2200313 a 450000100060000000300080000600500170001400800410003102000150007203500200008704000370010704100080014404200080015206000240016008200260018410000310021024501200024125000120036126000390037330000360041250400300044850400530047865000320053165000340056365000220059765000220061965000210064170000210066277422BD-RjUL20211209082953.0200908s2001 maua b 001 0 eng d a0205319157 a(DNLM)100941942 aDNLM/DLCcDLCdDLCdBD-RjULbeng aeng apcc10aWA 525bM4785p 200000a613.068221bMCP 20011 aMcKenzie, James F.,d1948-10aPlanning, implementing, and evaluating health promotion programs :ba primer /cJames F. McKenzie, Jan L. Smeltzer. a3rd ed. aBoston :bAllyn and Bacon,cc2001. axviii, 381 p. :bill. ;c24 cm. a"References": p. 354-370. aIncludes bibliographical references and indexes. 0aHealth promotionxPlanning. 0aHealth promotionxEvaluation.12aHealth Promotion.22aHealth Education.22aHealth Planning.1 aSmeltzer, Jan L.